Quiz o województwie małopolskim - Statystyki

Ogólne statystyki
  • Ten quiz został rozwiązany 3 150 razy
  • Średni wynik to 13 z 23
Statystyki odpowiedzi
Wskazówka Odpowiedź % Poprawnych
Stolica województwa Kraków
100%
Największa rzeka w województwie Wisła
95%
Nazwij jedną z najbardziej znanych kopalni w województwie Kopalnia soli w {Wieliczce | Bochni}
94%
Jego prawdziwe imię i nazwisko Karol Wojtyła
93%
Miasto urodzenia jedynego polskiego papieża Jana Pawła II Wadowice
91%
Dwa kluby, które tworzą derby Krakowa (wpisz jeden) Cracovia | Wisła Kraków
88%
Nazwa kościoła, z którego słychać słynny hejnał w Krakowie Kościół Mariacki
86%
Charakterystyczny obiekt w Ojcowskim Parku Narodowym {Maczuga} Herkulesa
81%
Jedyny Polak, który jeździł w Formule 1 Robert Kubica
81%
Nazwa największego parku rozrywki w Polsce Energylandia
79%
Rodzaj niedźwiedzia żyjącego na terenie województwa będącego pod ochroną Niedźwiedź {brunatny}
76%
Małopolski najsławniejszy zbój Janosik
58%
Dzielnica żydowska w Krakowie Kazimierz
56%
Największa polska skocznia narciarska {Wielka Krokiew} im. Stanisława Marusarza
52%
"Lubię wracać tam, gdzie byłem już Pod ten balkon pełen pnących róż" śpiewał... Zbigniew Wodecki
50%
Największy powiat nowosądecki
44%
Prezydent największego miasta Aleksander Miszalski
38%
Produkt typu fast-food, z którego słynie Zapiekanki
35%
Nazwij trzecie najgłębsze jezioro w Polsce (znajdujące się Dolinie Pięciu Stawów) Wielki Staw
14%
Wojewoda małopolski Krzysztof Klęczar
12%
Nazwij pomnik zwierzaka, który znajduje się niedaleko pomnika Smoka Wawelskiego Pomnik psa {Dżoka}
10%
Najgłębsza jaskinia w województwie Jaskinia {Wielka Śnieżna}
6%
Bitwa, która miała miejsce w nocy z 6/7 września 1939 roku między oddziałami polskimi z 55 Dywizji Piechoty a pododdziałami niemieckiej 10 Armii. Bitwa pod Proszowicami
5%
Nie znaleziono quizów pasujących do podanych kryteriów
Rozkład punktacji
Procent ludzi z każdym wynikiem
Percentyl według liczby udzielonych odpowiedzi
Twoja historia wyników
Nie rozwiązałeś tego quizu